000 00721nam a2200241Ia 4500
005 20260121112810.0
008 8888 260114s9999 xx 000 0 eng d
020 _a9789812777249
037 _aEBOOK
040 _aCRL
_beng
_cCRL
041 _aeng
_2eng
084 _qCRL
100 _aBruzzone Lorenzo Et Al
_9963399
245 0 _aAnalysis of Multi-Temporal Remote Sensing Images - Proceedings of the First International Workshop on Multitemp 2001
260 _bWorld Scientific
260 _bWSPC
260 _c2002
650 _aComputer Science
_9963400
856 _uhttps://www.worldscientific.com/worldscibooks/10.1142/4997#t=toc
942 _cEBOOK
999 _c1546188
_d1546188